Aprender a ser: la educación del futuro
-д хадгалсан:
| Үндсэн зохиолчид: | , , , , , |
|---|---|
| Бусад зохиолчид: | |
| Формат: | Ном |
| Хэл сонгох: | испани |
| Хэвлэсэн: |
Madrid
Alianza
1973
|
| Цуврал: | Alianza Universidad
|
| Нөхцлүүд: | |
| Шошгууд: |
Шошго нэмэх
Шошго байхгүй, Энэхүү баримтыг шошголох эхний хүн болох!
|
MARC
| LEADER | 00000nam a2200000 a 4500 | ||
|---|---|---|---|
| 001 | UCP2825 | ||
| 003 | CL-VaPUC | ||
| 008 | 990531e19730000SP |||||||||||||||||spa|d | ||
| 082 | 0 | 4 | |a 370 |b FAU |2 21 |
| 100 | 0 | |a Faure, Edgar |e author |9 429815 | |
| 700 | |a Herrera Lane, Felipe |e autor |9 527387 | ||
| 700 | 0 | |a Lopes, Henri |e author |9 429817 | |
| 700 | 0 | |a Petrovski, Arthur |e author |9 429818 | |
| 700 | 0 | |a Rahnema, Majid |e author |9 429819 | |
| 700 | 0 | |a Ward, Frederick Champion |e author |9 429820 | |
| 700 | 0 | |a Kaddoura, Abdul-Razzak |e author |9 429821 | |
| 245 | 1 | 0 | |a Aprender a ser: la educación del futuro |
| 300 | |a 426 p | ||
| 942 | |c BK | ||
| 945 | |d 19990531 00:00:00 |a lriquelm | ||
| 260 | |a Madrid |b Alianza |c 1973 | ||
| 650 | 7 | |a DESARROLLO DE LA EDUCACION |2 CL-VaPUC |9 429822 | |
| 650 | 0 | |a Planificación de la educación |9 307333 | |
| 650 | 7 | |a GLOBALIZACION DE LA EDUCACION |2 CL-VaPUC |9 429823 | |
| 583 | |a last modification |c 20170911 01:49:33 |k Rodrigo Vera | ||
| 490 | 0 | |a Alianza Universidad | |
| 999 | |c 281295 |d 281293 | ||
| 952 | |0 0 |1 0 |4 0 |6 370_000000000000000_FAU_1973 |7 0 |8 A |9 322001 |a BIBHIS |b BIBHIS |d 2019-11-20 |i 1360833 |o 370 FAU 1973 |p 1360833 |r 2025-01-20 |w 2019-11-20 |y BK |k HIS | ||